000 00340nam a2200145Ia 4500
008 100415s9999 xx 000 0 und d
082 _b12827
_a570
100 _aRensch Bernhard
245 _aBiologie 2
260 _aFRANKFURT
_c1963
_bFISCHER BUCHEREI
365 _b0
630 _aBiologie 2
730 _aBiologie 2
942 _cBOOK
999 _c595744
_d595741